|
|
|
|
| LEADER |
00000nam0a2200000 4500 |
| 001 |
106600 |
| 005 |
20231031114947.0 |
| 010 |
|
|
|a 5936300587
|
| 035 |
|
|
|a (RuTPU)RU\TPU\book\115098
|
| 035 |
|
|
|a RU\TPU\book\25644
|
| 090 |
|
|
|a 106600
|
| 100 |
|
|
|a 20061211d2006 k y0rusy50 ca
|
| 101 |
0 |
|
|a rus
|
| 102 |
|
|
|a RU
|
| 105 |
|
|
|a y l 000|y
|
| 200 |
1 |
|
|a Правила технической эксплуатации коммунальных отопительных котельных
|e утв. Минстроем России
|
| 210 |
|
|
|a СПб.
|c Деан
|d 2006
|
| 215 |
|
|
|a 112 с.
|
| 225 |
1 |
|
|a Безопасность труда России
|
| 610 |
1 |
|
|a отопление
|
| 610 |
1 |
|
|a отопительные котельные
|
| 610 |
1 |
|
|a вспомогательное оборудование
|
| 610 |
1 |
|
|a техническая эксплуатация
|
| 610 |
1 |
|
|a правила
|
| 610 |
1 |
|
|a безопасность
|
| 675 |
|
|
|a 697.3
|v 3
|
| 801 |
|
0 |
|a RU
|b 63413507
|c 20011209
|g PSBO
|
| 801 |
|
2 |
|a RU
|b 63413507
|c 20070123
|g PSBO
|
| 942 |
|
|
|c BK
|